| 000 | 00903cam a22002895a 4500 | ||
|---|---|---|---|
| 001 | 18057438 | ||
| 005 | 20201128021259.0 | ||
| 008 | 140306t2013 flua frb 001 0 eng d | ||
| 020 | _a1439884951 | ||
| 020 | _a9781439884959 | ||
| 040 |
_aUKMGB _beng _cUKMGB _dEG-ScBUE |
||
| 082 | 0 | 4 |
_a621.3848 _222 _bMAH |
| 100 | 1 |
_aMahafza, Bassem R. _938127 |
|
| 245 | 1 | 0 |
_aRadar systems analysis and design using MATLAB / _cBassem R. Mahafza. |
| 246 | 3 | 0 | _aMATLAB |
| 250 | _a3rd ed. | ||
| 260 |
_aBoca Raton : _bCRC Press / Taylor and Francis Group, _cc.2013 |
||
| 300 |
_axxii, 749 p. : _bill. ; _c26 cm. |
||
| 500 | _aIndex : p. 743-749. | ||
| 504 | _aBibliography : p. 735-741. | ||
| 630 | 0 | 7 |
_aMATLAB. _9826 |
| 650 | 0 |
_aRadar. _2BUEsh _936954 |
|
| 650 | 0 |
_aSystem analysis _xData processing. _2BUEsh _918002 |
|
| 651 | _2BUEsh | ||
| 653 |
_bENGGEN _cJune2015 _cOctober2015 |
||
| 942 |
_2ddc _k621.3848 MAH |
||
| 999 |
_c19501 _d19473 |
||